Statistics for Earth in 20 different languages

Click here to take the quiz!

General Stats

  • This quiz has been taken 42 times
  • The average score is 15 of 20

Answer Stats

EarthAnswer% Correct
地球 (Dìqiú)Chinese
97%
地球 (Chikyū)Japanese
97%
TerraLatin/Italian/Portuguese
97%
земной шар (Zemnoy shar)Russian
93%
ErdeGerman
90%
지구 (Jigu)Korean
90%
TierraSpanish
90%
AardeDutch
87%
TerreFrench
87%
JordNorwegian/Danish
83%
Trái đấtVietnamese
83%
ZiemiaPolish
73%
ZeměCzech
70%
MaaFinnish/Estonian
63%
Γη (Gi)Greek
63%
дэлхий (Delkhii)Mongolian
53%
FöldHungarian
50%
DuniaSwahili
50%
UmhlabaZulu
37%
HonuaHawaiian
33%

Score Distribution

Percentile by Number Answered

Percent of People with Each Score

Your Score History

You have not taken this quiz